[Event "27th ECC Women 2023"]
[Site "Durres ALB"]
[Date "2023.10.01"]
[Round "1.1"]
[Board "2"]
[White "Socko, Monika"]
[Black "Thorsteinsdottir, Hallgerdur"]
[Result "1-0"]
[WhiteTitle "GM"]
[BlackTitle "WFM"]
[WhiteElo "2380"]
[BlackElo "1972"]
[WhiteTeam "Teuta"]
[BlackTeam "Taflfelag Gardabaejar"]
[WhiteFideId "1106619"]
[BlackFideId "2302454"]
[EventDate "2023.10.01"]

1. e4 c6 2. d4 d5 3. exd5 cxd5 4. Bd3 Nc6 5. c3 Nf6 6. Bf4 Bg4 7. Qb3 Qc8 8. Nd2
e6 9. h3 Bh5 10. Ngf3 Be7 11. O-O O-O 12. Rfe1 a6 13. a4 Bg6 14. Bf1 Na5 15. Qd1
Nd7 16. Bg3 b6 17. Nh4 Qb7 18. Nxg6 hxg6 19. Bd3 Nf6 20. Qe2 Qc8 21. Bh2 Ra7 22.
h4 Rd8 23. Nf3 Ng4 24. Bg3 Nh6 25. Ne5 Nf5 26. h5 Nxg3 27. fxg3 g5 28. h6 gxh6
29. Qh5 Bf8 30. Ng4 Bg7 31. Nxh6+ Kf8 32. Rf1 Rdd7 33. Bg6 f6 34. Rae1 Rd6 35.
Nf7 Rc6 36. Nxg5 Nc4 37. Bf7 Nd2 38. Bxe6 Rxe6 39. Nxe6+ Kg8 40. Nxg7 Kxg7 41.
Re8 1-0

[Event "27th ECC Women 2023"]
[Site "Durres ALB"]
[Date "2023.10.01"]
[Round "1.1"]
[Board "3"]
[White "Thorsteinsdottir, Gudlaug"]
[Black "Cyfka, Karina"]
[Result "0-1"]
[WhiteTitle "WFM"]
[BlackTitle "IM"]
[WhiteElo "1991"]
[BlackElo "2350"]
[WhiteTeam "Taflfelag Gardabaejar"]
[BlackTeam "Teuta"]
[WhiteFideId "2300753"]
[BlackFideId "1122681"]
[EventDate "2023.10.01"]

1. d4 Nf6 2. Nf3 e6 3. Bf4 b6 4. c4 Bb4+ 5. Nbd2 Bb7 6. a3 Be7 7. h3 c5 8. e3
O-O 9. Qc2 Nc6 10. Be2 d6 11. O-O cxd4 12. exd4 Rc8 13. b4 Re8 14. Rfe1 Bf8 15.
Rad1 h6 16. Nf1 Ne7 17. Qb2 Bxf3 18. gxf3 Qd7 19. Ng3 Ng6 20. Be3 Nh4 21. Ne4
Nh7 22. Nd2 e5 23. Kh2 Ng5 24. Bxg5 hxg5 25. dxe5 Rxe5 26. Bf1 Qf5 27. Rxe5 dxe5
28. Qb3 e4 29. Be2 Bd6+ 30. f4 Qxf4+ 0-1

[Event "27th ECC Women 2023"]
[Site "Durres ALB"]
[Date "2023.10.01"]
[Round "1.2"]
[Board "1"]
[White "Dolgova, Olga"]
[Black "Muzychuk, Mariya"]
[Result "0-1"]
[WhiteTitle "WIM"]
[BlackTitle "GM"]
[WhiteElo "2242"]
[BlackElo "2519"]
[WhiteTeam "Offerspill Chess Club"]
[BlackTeam "Monte Carlo"]
[WhiteFideId "4158296"]
[BlackFideId "14114550"]
[EventDate "2023.10.01"]

1. d4 Nf6 2. Bg5 c5 3. Bxf6 gxf6 4. d5 Qb6 5. Qc1 Bg7 6. c3 f5 7. g3 d6 8. Bg2
O-O 9. h4 Nd7 10. Nh3 Nf6 11. Nd2 e6 12. Nc4 Qa6 13. Ne3 Bd7 14. Qc2 Rae8 15.
O-O Nxd5 16. Nxd5 exd5 17. e3 d4 18. cxd4 cxd4 19. exd4 Bxd4 20. Qd2 Be5 21.
Rfd1 Qb6 22. Rab1 Kh8 23. Kh2 Bc6 24. Qg5 Bxg2 25. Kxg2 Qc6+ 26. Kh2 Qf3 27. Rg1
Rg8 28. Qh6 Bxg3+ 29. Rxg3 Rxg3 30. Qf6+ Kg8 31. Rg1 Rxg1 32. Nxg1 Qxf2+ 33. Kh1
Qf4 34. h5 h6 35. Kg2 Re3 36. Qd8+ Kg7 37. Qc7 Rg3+ 0-1

[Event "27th ECC Women 2023"]
[Site "Durres ALB"]
[Date "2023.10.01"]
[Round "1.2"]
[Board "2"]
[White "Muzychuk, Anna"]
[Black "Ni, Viktorija"]
[Result "1-0"]
[WhiteTitle "GM"]
[BlackTitle "WIM"]
[WhiteElo "2510"]
[BlackElo "2161"]
[WhiteTeam "Monte Carlo"]
[BlackTeam "Offerspill Chess Club"]
[WhiteFideId "14111330"]
[BlackFideId "11602252"]
[EventDate "2023.10.01"]

1. e4 c5 2. Nf3 e6 3. d4 cxd4 4. Nxd4 a6 5. Nc3 Qc7 6. Bd3 Nc6 7. Nxc6 bxc6 8.
Qe2 Ne7 9. O-O d5 10. f4 Bb7 11. b3 Ng6 12. f5 Bc5+ 13. Kh1 Ne5 14. fxe6 fxe6
15. exd5 cxd5 16. Bb2 d4 17. Na4 Ba7 18. Rae1 Qc6 19. Qh5+ g6 20. Qh3 Qd6 21.
Bc1 Bd5 22. Bf4 O-O 23. Bxe5 Rxf1+ 24. Bxf1 Qf8 25. Bd3 Qe8 26. Qh6 Qf7 27. Rf1
Qb7 28. Qg5 1-0

[Event "27th ECC Women 2023"]
[Site "Durres ALB"]
[Date "2023.10.01"]
[Round "1.2"]
[Board "3"]
[White "Nilssen, Ellen Fredericia"]
[Black "Khademalsharieh, Sarasadat"]
[Result "0-1"]
[WhiteTitle "WFM"]
[BlackTitle "IM"]
[WhiteElo "2161"]
[BlackElo "2476"]
[WhiteTeam "Offerspill Chess Club"]
[BlackTeam "Monte Carlo"]
[WhiteFideId "1441230"]
[BlackFideId "12512214"]
[EventDate "2023.10.01"]

1. e4 e5 2. Nf3 Nc6 3. Bc4 Bc5 4. c3 Nf6 5. d4 exd4 6. e5 d5 7. Bb5 Ne4 8. cxd4
Bb6 9. Nc3 O-O 10. Be3 Bg4 11. h3 Bh5 12. Qc2 Bg6 13. Qb3 Ne7 14. O-O c6 15. Bd3
Nd2 16. Nxd2 Bxd3 17. Rfe1 Nf5 18. Na4 Bb5 19. Nxb6 axb6 20. a4 Ba6 21. Nf3 Rc8
22. Rac1 Bc4 23. Qc2 Qd7 24. Ng5 h6 25. g4 hxg5 26. gxf5 f6 27. e6 Qe8 28. Qd1
g6 29. b3 Ba6 30. Bd2 Kg7 31. Qf3 Qe7 32. Kg2 Rh8 33. fxg6 Kxg6 34. Qg3 Rh4 35.
f4 f5 36. Bb4 c5 37. dxc5 Rg8 38. Qc3 Rxf4 39. Rcd1 g4 40. Rd4 Rf3 41. Qc2 Qh4
42. Rxg4+ Kh7 43. Rxg8 Qxh3+ 44. Kg1 Kxg8 45. Qg2+ Rg3 46. Qxg3+ Qxg3+ 47. Kh1
Qh4+ 48. Kg2 Qxb4 0-1

[Event "27th ECC Women 2023"]
[Site "Durres ALB"]
[Date "2023.10.01"]
[Round "1.2"]
[Board "4"]
[White "Cramling, Pia"]
[Black "Janzelj, Lara"]
[Result "1-0"]
[WhiteTitle "GM"]
[BlackTitle "WIM"]
[WhiteElo "2446"]
[BlackElo "2143"]
[WhiteTeam "Monte Carlo"]
[BlackTeam "Offerspill Chess Club"]
[WhiteFideId "1700030"]
[BlackFideId "14608391"]
[EventDate "2023.10.01"]

1. d4 d5 2. c4 c6 3. cxd5 cxd5 4. Bf4 Nf6 5. Nc3 Nc6 6. e3 a6 7. Be2 Bf5 8. Nf3
e6 9. Qb3 Ra7 10. O-O Be7 11. Ne5 Nxe5 12. Bxe5 O-O 13. Rfc1 Nd7 14. Bg3 b5 15.
a4 b4 16. Nb1 Nb6 17. Nd2 Qd7 18. Nf3 Rc8 19. a5 Na8 20. Qd1 f6 21. Nh4 Be4 22.
f3 Bg6 23. Nxg6 hxg6 24. Rxc8+ Qxc8 25. Rc1 Qd8 26. Qc2 Kf7 27. Qc6 Qe8 28. Bxa6
Qd8 29. Bc8 Rxa5 30. Qxe6+ Kf8 31. Bb7 1-0

[Event "27th ECC Women 2023"]
[Site "Durres ALB"]
[Date "2023.10.01"]
[Round "1.3"]
[Board "1"]
[White "Batsiashvili, Nino"]
[Black "Milliet, Sophie"]
[Result "1-0"]
[WhiteTitle "GM"]
[BlackTitle "IM"]
[WhiteElo "2475"]
[BlackElo "2391"]
[WhiteTeam "Superchess"]
[BlackTeam "ASD Pedone Isolano"]
[WhiteFideId "13602993"]
[BlackFideId "623725"]
[EventDate "2023.10.01"]

1. c4 e5 2. Nc3 Bb4 3. Nd5 Be7 4. d4 exd4 5. Qxd4 Nf6 6. Nxe7 Qxe7 7. Bg5 Nc6 8.
Qc3 Ne5 9. g3 h6 10. Bxf6 Qxf6 11. Bg2 d6 12. Nh3 Bxh3 13. Bxh3 O-O 14. f4 Nc6
15. Qxf6 gxf6 16. Kf2 Rfe8 17. Rhd1 Re4 18. Rac1 Rae8 19. Bg4 Nd4 20. Rd2 Kg7
21. c5 h5 22. Bxh5 Rh8 23. cxd6 cxd6 24. g4 Rxf4+ 25. Ke3 Ne6 26. Rxd6 Rb4 27.
Rd7 Rf8 28. b3 Rb5 29. Re7 f5 30. gxf5 Re5+ 31. Kd2 Rd8+ 32. Ke1 Rxf5 33. Bxf7
Rxf7 34. Rxe6 Rh8 35. Rc3 Rxh2 36. Kd2 Rd7+ 37. Rd3 Rc7 38. Rg3+ Kf7 39. Re4
Rd7+ 40. Rd3 Re7 41. Rde3 Rxe4 42. Rxe4 Rh8 43. Kd3 Rd8+ 44. Rd4 Rb8 45. Rd7+
Ke6 46. Rh7 Kd5 47. e4+ Kc5 48. Kc3 a6 49. Rh5+ Kd6 50. Kd4 Rg8 51. e5+ Kc6 52.
Rh6+ Kc7 53. Kd5 Rg2 54. Rh7+ Kb6 55. e6 Rd2+ 56. Ke5 Re2+ 57. Kf6 Rf2+ 58. Ke7
Rxa2 59. Kf8 Rf2+ 60. Rf7 Rh2 61. e7 Rh8+ 62. Kg7 Re8 63. Kf6 Kb5 64. Rf8 Rxe7
65. Kxe7 Kb4 66. Kd6 Kxb3 67. Kc5 1-0

[Event "27th ECC Women 2023"]
[Site "Durres ALB"]
[Date "2023.10.01"]
[Round "1.3"]
[Board "2"]
[White "Gueci, Tea"]
[Black "Wagner, Dinara"]
[Result "1/2-1/2"]
[WhiteTitle "WIM"]
[BlackTitle "WGM"]
[WhiteElo "2149"]
[BlackElo "2461"]
[WhiteTeam "ASD Pedone Isolano"]
[BlackTeam "Superchess"]
[WhiteFideId "872342"]
[BlackFideId "24157570"]
[EventDate "2023.10.01"]

1. e4 c5 2. Nf3 Nc6 3. Bb5 e6 4. O-O Nge7 5. d4 cxd4 6. Nxd4 Qb6 7. Nxc6 bxc6 8.
Be2 Ng6 9. c4 Be7 10. Nc3 O-O 11. Rb1 Rd8 12. Be3 Qc7 13. f4 d6 14. g3 c5 15.
Qc2 a6 16. a3 Bb7 17. Bf3 Bf6 18. Na4 Bd4 19. Bxd4 cxd4 20. b4 Rac8 21. Nb2 e5
22. f5 Nf8 23. f6 d5 24. exd5 Bxd5 25. Bxd5 Rxd5 26. Qd3 Rd7 27. fxg7 Kxg7 28.
Rbe1 Ng6 29. c5 Qc6 30. Nc4 Re8 31. Re4 Qb5 32. Rf3 Re6 33. h4 h5 34. Rf5 a5 35.
Rxh5 axb4 36. Qd2 Qxc4 37. Qh6+ Kf6 38. Qg5+ Kg7 39. Qh6+ Kf6 40. Qg5+ Kg7 1/2-1/2

[Event "27th ECC Women 2023"]
[Site "Durres ALB"]
[Date "2023.10.01"]
[Round "1.3"]
[Board "4"]
[White "Martinelli, Valeria"]
[Black "Efroimski, Marsel"]
[Result "0-1"]
[BlackTitle "IM"]
[WhiteElo "2008"]
[BlackElo "2447"]
[WhiteTeam "ASD Pedone Isolano"]
[BlackTeam "Superchess"]
[WhiteFideId "2873252"]
[BlackFideId "2810964"]
[EventDate "2023.10.01"]

1. e4 e6 2. d4 d5 3. Nc3 Nf6 4. e5 Nfd7 5. Nce2 c5 6. c3 Nc6 7. f4 Be7 8. Nf3
O-O 9. g3 b5 10. Bd2 Nb6 11. b3 b4 12. cxb4 cxb4 13. Nc1 Nd7 14. Nd3 Qb6 15. Be3
f6 16. Bh3 Kh8 17. Bxe6 Ndxe5 18. Bxd5 Ng4 19. Qd2 Bb7 20. O-O Rad8 21. Bxc6
Bxc6 22. Rae1 Bb5 23. h3 Nh6 24. Bf2 Qb7 25. Be3 Nf5 26. Kh2 Qe4 27. g4 Qxd3 28.
gxf5 Qxd2+ 29. Bxd2 Bxf1 30. Rxe7 a5 31. Kg3 Bd3 32. Ra7 0-1

[Event "27th ECC Women 2023"]
[Site "Durres ALB"]
[Date "2023.10.01"]
[Round "1.4"]
[Board "1"]
[White "Lahav, Michal"]
[Black "Khotenashvili, Bella"]
[Result "0-1"]
[WhiteTitle "WIM"]
[BlackTitle "GM"]
[WhiteElo "2212"]
[BlackElo "2483"]
[WhiteTeam "Rishon Lezion"]
[BlackTeam "Garuda Ajka BSK"]
[WhiteFideId "2813742"]
[BlackFideId "13602640"]
[EventDate "2023.10.01"]

1. e4 c6 2. d4 d5 3. exd5 cxd5 4. c4 Nf6 5. Nc3 Nc6 6. Nf3 g6 7. cxd5 Nxd5 8.
Qb3 Nxc3 9. Bc4 Nd5 10. Bxd5 e6 11. Bxc6+ bxc6 12. O-O Qd5 13. Bf4 Be7 14. Rfe1
f6 15. Rac1 Qxb3 16. axb3 g5 17. Bg3 Bd7 18. Rc4 a5 19. Ra1 Kf7 20. Ne1 h5 21.
h3 h4 22. Bc7 Ra7 23. Bxa5 Rb8 24. Nc2 Rxb3 25. Bc3 Rxa1+ 26. Nxa1 Rb7 27. Nc2
Ra7 28. Bb4 Ra4 29. b3 Ra2 30. Ne3 Ra1+ 31. Kh2 Bd8 32. Bd6 Ra5 33. Kg1 Ke8 34.
Kh2 Ra2 35. Rb4 Bc8 36. Nc4 Kd7 37. f4 Ba6 38. Bb8 gxf4 39. Bxf4 Bb5 40. Nd6 Bc7 0-1

[Event "27th ECC Women 2023"]
[Site "Durres ALB"]
[Date "2023.10.01"]
[Round "1.4"]
[Board "2"]
[White "Hoang, Thanh Trang"]
[Black "Reprun, Nadejda"]
[Result "1-0"]
[WhiteTitle "GM"]
[BlackTitle "WFM"]
[WhiteElo "2398"]
[BlackElo "1971"]
[WhiteTeam "Garuda Ajka BSK"]
[BlackTeam "Rishon Lezion"]
[WhiteFideId "12400149"]
[BlackFideId "2806843"]
[EventDate "2023.10.01"]

1. d4 d5 2. c4 c6 3. Nf3 Nf6 4. e3 e6 5. Nbd2 c5 6. cxd5 Nxd5 7. e4 Nf6 8. Bb5+
Bd7 9. Bd3 cxd4 10. O-O Nc6 11. e5 Nd5 12. Nb3 Be7 13. Nbxd4 O-O 14. Qe2 Re8 15.
Rd1 f6 16. exf6 Bxf6 17. Nxc6 Bxc6 18. Ne5 Bxe5 19. Qxe5 Qf6 20. Qg3 Ne7 21. Bg5
Qf7 22. Qh3 h6 23. Bd2 Rf8 24. Qg3 Kh8 25. Bb4 Rfe8 26. Rac1 Nf5 27. Qf4 Rad8
28. Be4 Bxe4 29. Qxe4 Rd5 30. Bc3 b5 31. h3 Rf8 32. Re1 Nd6 33. Qxe6 Qxe6 34.
Rxe6 Kg8 35. Bb4 Rd8 36. Rc7 Nc8 37. Bc3 1-0

[Event "27th ECC Women 2023"]
[Site "Durres ALB"]
[Date "2023.10.01"]
[Round "1.4"]
[Board "3"]
[White "Tashkinova, Sofiia"]
[Black "Injac, Teodora"]
[Result "0-1"]
[BlackTitle "IM"]
[WhiteElo "2042"]
[BlackElo "2426"]
[WhiteTeam "Rishon Lezion"]
[BlackTeam "Garuda Ajka BSK"]
[WhiteFideId "14188309"]
[BlackFideId "932400"]
[EventDate "2023.10.01"]

1. e4 c5 2. Nc3 Nc6 3. Bb5 Nd4 4. Nf3 e6 5. O-O a6 6. Bd3 Nc6 7. e5 d6 8. exd6
Bxd6 9. Ne4 Be7 10. b3 Nf6 11. Bb2 b6 12. Nxf6+ Bxf6 13. Be4 Bb7 14. Bxf6 Qxf6
15. Qe2 O-O 16. Bxc6 Bxc6 17. Ne5 Rfc8 18. Rad1 Bb7 19. d4 Qg5 20. f4 Qe7 21. c4
Rd8 22. dxc5 Qxc5+ 23. Kh1 b5 24. Rxd8+ Rxd8 25. Rd1 Rd4 26. h3 f6 27. Rxd4 Qxd4
28. Nd3 Qd6 29. c5 Qd5 30. b4 Qf5 31. Qe3 Qd5 32. Qe2 Qc4 33. Qd2 Bd5 34. Ne1
Qxa2 35. Qxa2 Bxa2 36. Nf3 Kf7 37. Nd4 Bd5 38. Kg1 g6 39. Kf2 e5 40. fxe5 fxe5
41. Nc2 Ke6 42. g3 Be4 43. Ne3 a5 44. bxa5 b4 45. Nc4 Bd3 46. Nd2 Kd5 47. Ke3
Bb5 48. Nf3 b3 49. Kd2 e4 50. Ne1 Kd4 51. Ng2 Bd3 52. c6 b2 53. c7 b1=Q 54. c8=Q
Qb2+ 55. Kd1 Qe2+ 56. Kc1 Qf1+ 57. Kb2 Qxg2+ 58. Kb3 Qxg3 59. Qc3+ Kd5 60. a6
Bc4+ 0-1

[Event "27th ECC Women 2023"]
[Site "Durres ALB"]
[Date "2023.10.01"]
[Round "1.4"]
[Board "4"]
[White "Gaal, Zsoka"]
[Black "Federovski, Adi"]
[Result "1/2-1/2"]
[WhiteTitle "WIM"]
[WhiteElo "2305"]
[BlackElo "1951"]
[WhiteTeam "Garuda Ajka BSK"]
[BlackTeam "Rishon Lezion"]
[WhiteFideId "777765"]
[BlackFideId "2813777"]
[EventDate "2023.10.01"]

1. d4 Nf6 2. c4 e6 3. Nc3 Bb4 4. e3 c5 5. Ne2 O-O 6. a3 cxd4 7. axb4 dxc3 8.
Nxc3 d5 9. cxd5 exd5 10. b5 Be6 11. Be2 Nbd7 12. b3 Nc5 13. Ba3 Qb6 14. O-O Rfc8
15. Na4 Nxa4 16. bxa4 Ne4 17. Bd3 Nc3 18. Qh5 h6 19. Bb2 d4 20. Qe5 Bc4 21. Bxc4
Rxc4 22. Rfe1 Rac8 23. exd4 Nxa4 24. Bc1 Qxd4 25. Qxd4 Rxd4 26. Be3 Rb4 27. Bxa7
Nc3 28. b6 Nd5 29. g3 Nxb6 30. Rab1 Nd5 31. Rxb4 Nxb4 32. Rb1 Rc4 33. Be3 Nd5
34. Rxb7 Nxe3 35. fxe3 1/2-1/2

[Event "27th ECC Women 2023"]
[Site "Durres ALB"]
[Date "2023.10.01"]
[Round "1.5"]
[Board "1"]
[White "Ushenina, Anna"]
[Black "Toncheva, Nadya"]
[Result "1-0"]
[WhiteTitle "GM"]
[BlackTitle "FM"]
[WhiteElo "2434"]
[BlackElo "2253"]
[WhiteTeam "SP Gaz Ukraine"]
[BlackTeam "GSK Kumanovo"]
[WhiteFideId "14110911"]
[BlackFideId "2924056"]
[EventDate "2023.10.01"]

1. d4 d5 2. c4 dxc4 3. Nf3 Nf6 4. e3 e6 5. Bxc4 c5 6. O-O a6 7. dxc5 Qxd1 8.
Rxd1 Bxc5 9. Be2 O-O 10. Ne5 Nbd7 11. Nc4 Nd5 12. Nbd2 b5 13. Na5 Bb6 14. Ndb3
Ne5 15. Bd2 Bd7 16. e4 Ne7 17. Bc3 N7g6 18. Kf1 Ra7 19. Rd6 Bc7 20. Rd2 Bb6 21.
Rad1 Bc8 22. g3 f5 23. exf5 exf5 24. Bb4 Re8 25. f4 Ng4 26. Bxg4 fxg4 27. Bc5
Bxc5 28. Nxc5 Rc7 29. b4 Nf8 30. Rd6 Ne6 31. Nab3 Nxc5 32. Nxc5 a5 33. a3 Re3
34. R1d3 Rxd3 35. Rxd3 axb4 36. axb4 Kf7 37. Rd6 Ra7 38. Rb6 Ra2 39. Rxb5 Rxh2
40. Rb8 Bf5 41. Rb7+ Kf6 42. b5 Rc2 43. Rb6+ Kf7 44. Rc6 Rb2 45. b6 h5 46. b7 h4
47. Rc7+ Kg6 48. Rc8 1-0

[Event "27th ECC Women 2023"]
[Site "Durres ALB"]
[Date "2023.10.01"]
[Round "1.5"]
[Board "2"]
[White "Eric, Jovana"]
[Black "Javakhishvili, Lela"]
[Result "0-1"]
[WhiteTitle "WGM"]
[BlackTitle "IM"]
[WhiteElo "2146"]
[BlackElo "2437"]
[WhiteTeam "GSK Kumanovo"]
[BlackTeam "SP Gaz Ukraine"]
[WhiteFideId "938238"]
[BlackFideId "13601458"]
[EventDate "2023.10.01"]

1. e4 e5 2. Nf3 Nc6 3. Bc4 Nf6 4. d3 h6 5. Nc3 d6 6. a4 g6 7. h3 Bg7 8. Be3 Nb4
9. O-O c5 10. Ne2 O-O 11. c3 Nc6 12. Ng3 Qe7 13. Qd2 Kh7 14. b4 b6 15. a5 Rb8
16. axb6 axb6 17. b5 Na5 18. Qe2 Ne8 19. Ba2 Nc7 20. Rab1 Bd7 21. c4 f5 22. exf5
gxf5 23. Bd2 Nb7 24. Rbe1 Be8 25. Bb1 Bg6 26. h4 Kh8 27. h5 Bh7 28. d4 e4 29. d5
Rbe8 30. Bf4 Qf6 31. Nh2 Qh4 32. Qd2 Be5 33. Bxe5+ Rxe5 34. Qc3 Kg8 35. f4 Re7
36. Re3 Ne8 37. Bc2 Rg7 38. Bd1 Kf7 39. Rf2 Na5 40. Be2 Qd8 41. Ngf1 Nf6 42. Nd2
Kg8 43. Ndf1 Kh8 44. Ng3 Qd7 45. Qa1 Bg8 46. Nhf1 Kh7 47. Nh2 Bxd5 48. cxd5 Nxd5
49. Ra3 Nb4 50. Qb2 d5 51. Ngf1 d4 52. Qc1 c4 53. Rxa5 bxa5 54. Qxc4 Rc8 55. Qb3
Rc3 56. Qb1 d3 57. Bd1 Qd4 58. Qb2 Rgc7 59. Qd2 Nd5 0-1

[Event "27th ECC Women 2023"]
[Site "Durres ALB"]
[Date "2023.10.01"]
[Round "1.5"]
[Board "3"]
[White "Daulyte-Cornette, Deimante"]
[Black "Djukic, Sandra"]
[Result "1-0"]
[WhiteTitle "IM"]
[BlackTitle "WIM"]
[WhiteElo "2360"]
[BlackElo "2121"]
[WhiteTeam "SP Gaz Ukraine"]
[BlackTeam "GSK Kumanovo"]
[WhiteFideId "12802859"]
[BlackFideId "931390"]
[EventDate "2023.10.01"]

1. e4 c6 2. Nc3 d5 3. Nf3 Bg4 4. h3 Bxf3 5. Qxf3 e6 6. Be2 Nd7 7. d4 dxe4 8.
Nxe4 Ngf6 9. O-O Nxe4 10. Qxe4 Nf6 11. Qd3 Qc7 12. c4 Be7 13. b3 O-O 14. Bb2
Rfd8 15. Qe3 Rd7 16. Bf3 Qa5 17. a3 Rad8 18. Rfe1 a6 19. Rad1 h6 20. Qc1 Qb6 21.
Qc2 Qc7 22. g3 a5 23. Kg2 Ne8 24. Re3 Nd6 25. Qe2 Nf5 26. Rxe6 Nh4+ 27. gxh4
fxe6 28. Qxe6+ Kh8 29. d5 Qd6 30. Qg4 Bf6 31. dxc6 bxc6 32. Rxd6 Rxd6 33. c5 1-0

[Event "27th ECC Women 2023"]
[Site "Durres ALB"]
[Date "2023.10.01"]
[Round "1.5"]
[Board "4"]
[White "Trajkovska, Sanja"]
[Black "Zhukova, Natalia"]
[Result "0-1"]
[BlackTitle "GM"]
[WhiteElo "1864"]
[BlackElo "2303"]
[WhiteTeam "GSK Kumanovo"]
[BlackTeam "SP Gaz Ukraine"]
[WhiteFideId "15001822"]
[BlackFideId "14101513"]
[EventDate "2023.10.01"]

1. e4 e6 2. d4 d5 3. e5 c5 4. c3 Nc6 5. Nf3 Bd7 6. Be2 f6 7. O-O fxe5 8. Nxe5
Nxe5 9. dxe5 Qc7 10. Re1 O-O-O 11. Bf4 Ne7 12. Bd3 h6 13. a4 g5 14. Bg3 c4 15.
Bc2 Nc6 16. b4 cxb3 17. Bxb3 h5 18. h3 h4 19. Bh2 Bc5 20. Na3 Qb6 21. Re2 Rhf8
22. Nb5 Rxf2 23. Rxf2 Bxf2+ 24. Kh1 Bg3 25. Bxg3 hxg3 26. c4 Nxe5 27. cxd5 exd5
28. Qc1+ Nc6 29. Qxg5 Qf2 30. Nd6+ Kb8 31. Qh6 Bxh3 32. Bxd5 Qd4 33. Rb1 Qxd5
34. Rxb7+ Ka8 35. Qxh3 Qd1# 0-1

[Event "27th ECC Women 2023"]
[Site "Durres ALB"]
[Date "2023.10.01"]
[Round "1.6"]
[Board "1"]
[White "Agrest, Inna"]
[Black "Song, Yuxin"]
[Result "1/2-1/2"]
[WhiteTitle "WIM"]
[BlackTitle "WIM"]
[WhiteElo "2266"]
[BlackElo "2404"]
[WhiteTeam "Pelaro Alingsas SS"]
[BlackTeam "TAJFUN SK Ljubljana"]
[WhiteFideId "1708830"]
[BlackFideId "8614300"]
[EventDate "2023.10.01"]

1. e4 c5 2. Nf3 Nc6 3. d4 cxd4 4. Nxd4 Qb6 5. Nb3 g6 6. c4 Bg7 7. Be2 Qc7 8. O-O
d6 9. Na3 a6 10. Nc2 Nf6 11. f3 O-O 12. Ne3 Bd7 13. Bd2 Qb6 14. Kh1 Rfc8 15. Rc1
a5 16. c5 dxc5 17. Nxc5 Be8 18. Na4 Qd4 19. Rc4 Qd8 20. Nc3 Bd7 21. Nb5 Be6 22.
Ra4 Nd7 23. Bc4 Nb6 24. Bxe6 Nxa4 25. Bxc8 Nxb2 26. Qc2 Rxc8 27. Bc3 Bxc3 28.
Nxc3 Nd3 29. Ncd5 Nde5 30. f4 Nd7 31. f5 e6 32. fxe6 fxe6 33. Nf4 Nd4 34. Qf2
Nc5 35. Ned5 exd5 36. Qxd4 dxe4 37. Qc4+ Kh8 38. Qc3+ Kg8 39. Qc4+ Kh8 40. Qc3+
Kg8 41. Qc4+ 1/2-1/2

[Event "27th ECC Women 2023"]
[Site "Durres ALB"]
[Date "2023.10.01"]
[Round "1.6"]
[Board "2"]
[White "Buksa, Nataliya"]
[Black "Johansson, Viktoria"]
[Result "1-0"]
[WhiteTitle "IM"]
[BlackTitle "WIM"]
[WhiteElo "2361"]
[BlackElo "2042"]
[WhiteTeam "TAJFUN SK Ljubljana"]
[BlackTeam "Pelaro Alingsas SS"]
[WhiteFideId "14123622"]
[BlackFideId "1701940"]
[EventDate "2023.10.01"]

1. e4 c5 2. Nf3 Nc6 3. Bb5 d6 4. O-O Bd7 5. Re1 a6 6. Bc4 e6 7. c3 b5 8. Bf1 Nf6
9. d4 Be7 10. a4 Rb8 11. axb5 axb5 12. Bf4 cxd4 13. cxd4 O-O 14. Na3 Na5 15. e5
dxe5 16. Nxe5 Bxa3 17. Rxa3 Ra8 18. Bg5 b4 19. Bxf6 Qxf6 20. Rxa5 1-0

[Event "27th ECC Women 2023"]
[Site "Durres ALB"]
[Date "2023.10.01"]
[Round "1.6"]
[Board "3"]
[White "Agrest, Svetlana"]
[Black "Unuk, Laura"]
[Result "0-1"]
[WhiteTitle "WIM"]
[BlackTitle "IM"]
[WhiteElo "2230"]
[BlackElo "2313"]
[WhiteTeam "Pelaro Alingsas SS"]
[BlackTeam "TAJFUN SK Ljubljana"]
[WhiteFideId "1705032"]
[BlackFideId "14609215"]
[EventDate "2023.10.01"]

1. e4 c6 2. d4 d5 3. exd5 cxd5 4. Bd3 Nf6 5. h3 g6 6. Nf3 Nc6 7. c3 Bf5 8. Be2
Qc7 9. O-O Bg7 10. Be3 O-O 11. Qc1 Rac8 12. Bf4 Qb6 13. Nbd2 Ne4 14. Nb3 a5 15.
Be3 a4 16. Nc5 Nxc5 17. dxc5 Qa5 18. b4 axb3 19. axb3 Qxc3 20. Qxc3 Bxc3 21.
Rad1 Rfd8 22. g4 Be4 23. Nd4 Bxd4 24. Bxd4 Bc2 25. Rd2 Nxd4 26. Rxd4 Rxc5 27.
Rc1 Rcc8 28. Rb4 d4 29. Rxb7 e6 30. f3 Rc3 31. b4 Be4 32. Rc7 Re3 33. Kf2 Bd5
34. b5 Rb3 35. Rd1 Ra8 36. Rxd4 Ra2 37. Rf4 e5 38. Rf6 Rbb2 39. g5 Rxe2+ 0-1

[Event "27th ECC Women 2023"]
[Site "Durres ALB"]
[Date "2023.10.01"]
[Round "1.6"]
[Board "4"]
[White "Urh, Zala"]
[Black "Johansson, Eva"]
[Result "1-0"]
[WhiteTitle "WIM"]
[WhiteElo "2216"]
[BlackElo "1805"]
[WhiteTeam "TAJFUN SK Ljubljana"]
[BlackTeam "Pelaro Alingsas SS"]
[WhiteFideId "14611481"]
[BlackFideId "1724584"]
[EventDate "2023.10.01"]

1. e4 d6 2. d4 Nf6 3. Nc3 e5 4. Nf3 Nbd7 5. Bc4 Be7 6. O-O O-O 7. a4 a5 8. h3 c6
9. Be3 Qc7 10. Bb3 b6 11. Re1 Bb7 12. Nh2 Rad8 13. Nf1 exd4 14. Bxd4 Ne5 15. Ng3
Bc8 16. f4 Ng6 17. Qf3 Rfe8 18. Rad1 Be6 19. Qf2 Rb8 20. Kh1 Bxb3 21. cxb3 Nd7
22. Nf5 Bf8 23. h4 Nc5 24. h5 Nh8 25. Qg3 g6 26. Re3 Ne6 27. Bf6 Bg7 28. Bxg7
Nxg7 29. Nxd6 Nxh5 30. Qf3 Red8 31. e5 Qe7 32. g4 Ng7 33. Nce4 Ne6 34. Nf6+ Kg7
35. g5 1-0